| 000 | 01350nam a2200265Ia 4500 | ||
|---|---|---|---|
| 999 |
_c56169 _d56169 |
||
| 001 | 23270 | ||
| 003 | GE_BSU | ||
| 005 | 20251114194522.0 | ||
| 008 | 181216s2001||||ge |||||||||||||| ||geo|| | ||
| 020 | _a9992884827 | ||
| 040 | _cGE_BSU | ||
| 041 | _ageo | ||
| 080 | _a27-9(479.22) დ-44 | ||
| 100 |
_aდიასამიძე, ბიჭიკო _926234 |
||
| 245 |
_aქრისტიანობა დასავლეთ საქართველოში (I-X საუკუნეები) / _cბიჭიკო დიასამიძე ; [რედ.: გურამ ლორთქიფანიძე]. |
||
| 264 |
_aბათუმი : _bაჭარა, _c2001. |
||
| 300 |
_a268 გვ. : _bრუკ. ; _c20სმ. |
||
| 504 | _aბიბლიოგრ.: გვ. 252-265 | ||
| 520 | _aრეზიუმე რუსულ და ინგლისურ ენენებზე | ||
| 541 | _h5 ლ. | ||
| 653 | _aქრისტიანობა დასავლეთ საქართველოში (I-X საუკუნეები | ||
| 653 | _aქრისტიანობის ისტორია დასავლეთ საქართველოში | ||
| 700 |
_aლორთქიფანიძე, გურამ _eრედაქტორი _926235 |
||
| 942 |
_cBK _2udc |
||